000
00257nam a22001097a 4500
008
170120b xxu||||| |||| 00| 0 eng d
020
_a
9780071054782
041
_a
eng
080
_a
618.2
245
_a
COMMUNITY HEALTH NURSING
_c
KLAINBERG, M
942
_2
udc
_c
BK
999
_c
3246
_d
3246